[Event "Arad op 11th"]
[Site "Arad"]
[Date "2018.08.12"]
[Round "9"]
[White "Solcanean, Serghei"]
[Black "Gheorghiu, Calin"]
[Result "0-1"]
[WhiteElo "2051"]
[BlackElo "2292"]
[PlyCount "68"]
[EventDate "2018.08.05"]
[EventType "swiss"]
[EventRounds "9"]
[EventCountry "ROU"]
[SourceTitle "CBM 185 Extra"]
[Source "ChessBase"]
[SourceDate "2018.07.29"]
[SourceVersion "1"]
[SourceVersionDate "2018.07.29"]
[SourceQuality "1"]

1. e4 e6 2. d4 d5 3. Nc3 Nf6 4. Bg5 dxe4 5. Nxe4 Be7 6. Bxf6 gxf6 7. Nf3 a6 8. c3 b6 9. Bd3 Bb7 10. Qe2 Nd7 11. 0-0-0 0-0 12. h4 f5 13. Ned2 c5 14. Nb3 Qc7 15. dxc5 Bxf3 16. Qxf3 bxc5 17. Nd2 Qa5 18. Bb1 Nf6 19. Nc4 Qb5 20. Qe2 Rfd8 21. Bxf5 Kf8 22. Bd3 Rab8 23. g4 Nd5 24. Qe4 Bf6 25. Rd2 Qa4 26. Bb1 Bxc3 27. Rc2 Bd4 28. b3 Qb4 29. Qxh7 Nc3 30. g5 Bg7 31. Rd2 Rxd2 32. Nxd2 Rd8 33. Qc2 Qa3+ 34. Qb2 Nxa2+ 0-1

[Event "Arad op 11th"]
[Site "Arad"]
[Date "2018.08.08"]
[Round "5"]
[White "Solcanean, Serghei"]
[Black "Cerbulenco, Liviu"]
[Result "0-1"]
[WhiteElo "2051"]
[BlackElo "2287"]
[PlyCount "77"]
[EventDate "2018.08.05"]
[EventType "swiss"]
[EventRounds "9"]
[EventCountry "ROU"]
[SourceTitle "CBM 185 Extra"]
[Source "ChessBase"]
[SourceDate "2018.07.29"]
[SourceVersion "1"]
[SourceVersionDate "2018.07.29"]
[SourceQuality "1"]

1. d4 Nf6 2. c4 g6 3. Nc3 Bg7 4. e4 d6 5. Be2 0-0 6. Nf3 c5 7. d5 e6 8. 0-0 exd5 9. cxd5 Bg4 10. Bf4 a6 11. a4 Bxf3 12. Bxf3 Ne8 13. Qb3 b6 14. Rfe1 Nd7 15. Be2 Qe7 16. Qc2 Nc7 17. Bg3 Rab8 18. f4 Bd4+ 19. Kh1 b5 20. axb5 axb5 21. Bf3 b4 22. Ne2 Bg7 23. Rad1 Rb6 24. b3 Nb5 25. Bg4 Na3 26. Qd3 c4 27. bxc4 Nc5 28. Qf3 Qxe4 29. Bf2 Qxf3 30. Bxf3 b3 31. Bxc5 dxc5 32. Be4 Nxc4 33. Bb1 Nd6 34. Ng3 c4 35. Ne4 c3 36. Nxd6 Rxd6 37. Rd3 Rc8 38. Rc1 c2 39. Rxb3 0-1

[Event "Khanty-Mansiysk Governor Cup-B 9th"]
[Site "Khanty-Mansiysk"]
[Date "2013.12.04"]
[Round "7"]
[White "Papayan, Oleg"]
[Black "Solcanean, Serghei"]
[Result "1-0"]
[WhiteElo "2245"]
[BlackElo "2089"]
[PlyCount "38"]
[EventDate "2013.11.28"]
[EventType "swiss"]
[EventRounds "9"]
[EventCountry "RUS"]
[SourceTitle "CBM 157 Extra"]
[Source "ChessBase"]
[SourceDate "2013.12.19"]
[SourceVersion "1"]
[SourceVersionDate "2013.12.19"]
[SourceQuality "1"]

1. d4 d5 2. Bg5 c6 3. e3 h6 4. Bh4 Qb6 5. b3 Bf5 6. f4 e6 7. Bd3 Bxd3 8. Qxd3 Be7 9. Nf3 Nd7 10. 0-0 Bxh4 11. Nxh4 Ne7 12. c4 Qa6 13. Nc3 0-0 14. f5 dxc4 15. bxc4 exf5 16. Nxf5 Nxf5 17. Rxf5 Nb6 18. Re5 Rad8 19. Ne4 Rfe8 1-0

[Event "Orsha"]
[Site "Orsha"]
[Date "2009.01.31"]
[Round "10"]
[White "Solcanean, Serghei"]
[Black "Lavretzkij, Roman"]
[Result "1/2-1/2"]
[WhiteElo "2161"]
[BlackElo "2321"]
[PlyCount "21"]
[EventDate "2009.01.27"]
[EventType "tourn"]
[EventRounds "11"]
[EventCountry "BLR"]
[EventCategory "1"]
[SourceTitle "EXT 2011"]
[Source "ChessBase"]
[SourceDate "2010.11.26"]
[SourceVersion "1"]
[SourceVersionDate "2010.11.26"]
[SourceQuality "1"]

1. e4 e5 2. Nf3 Nc6 3. Bb5 a6 4. Ba4 Nf6 5. 0-0 Be7 6. c3 0-0 7. Re1 Re8 8. h3 d6 9. Ng5 Rf8 10. Nf3 Re8 11. Ng5 1/2-1/2

[Event "Bucharest Romgaz op 2nd"]
[Site "Bucharest"]
[Date "2008.09.15"]
[Round "5"]
[White "Solcanean, Serghei"]
[Black "Jackova, Jana"]
[Result "0-1"]
[WhiteElo "2162"]
[BlackElo "2358"]
[PlyCount "166"]
[EventDate "2008.09.11"]
[EventType "swiss"]
[EventRounds "9"]
[EventCountry "ROU"]
[SourceTitle "CBM 126 Extra"]
[Source "ChessBase"]
[SourceDate "2008.11.05"]
[SourceVersion "1"]
[SourceVersionDate "2008.11.05"]
[SourceQuality "1"]

1. d4 Nf6 2. c4 e6 3. Nf3 b6 4. g3 Ba6 5. b3 Bb7 6. Bg2 Bb4+ 7. Bd2 c5 8. 0-0 0-0 9. Bxb4 cxb4 10. a3 Na6 11. axb4 Nxb4 12. Nc3 d6 13. Qd2 a5 14. Na2 Nc6 15. Nc3 Qe7 16. Rfd1 Rfd8 17. Na4 Qc7 18. Rac1 Nb4 19. Nc3 Qe7 20. Na4 Rab8 21. Qb2 h6 22. Nc3 e5 23. Na2 e4 24. Ne1 Nc6 25. Nc2 Bc8 26. Ne3 Nh7 27. Nd5 Qe8 28. Rf1 Bf5 29. Ne3 Bg6 30. b4 Nf6 31. Rfd1 d5 32. bxa5 Nxa5 33. cxd5 Nxd5 34. Nxd5 Rxd5 35. e3 Bh5 36. Re1 Bf3 37. Bf1 Rh5 38. Nc3 Qd7 39. Ne2 Nc6 40. Nf4 Ra5 41. Qc3 Ne7 42. Rb1 Qd8 43. Rb2 g5 44. Ne2 b5 45. Qd2 Ra3 46. Reb1 Rd3 47. Qe1 Nd5 48. Rxb5 Rxb5 49. Rxb5 Qa8 50. Qb1 Kg7 51. Qc2 Qa1 52. Rb1 Qa5 53. Rd1 Ra3 54. Qc4 Ra2 55. Rc1 Rd2 56. Nc3 Nxc3 57. Rxc3 Qa1 58. Rc1 Qb2 59. Qc7 Rxf2 60. Qe5+ Kh7 61. Qf5+ Kg7 62. Qe5+ Kg6 63. Rc6+ Kh5 64. g4+ Bxg4 65. Rf6 Rf3 66. Rxf3 Bxf3 67. Qg3 Qc1 68. Qf2 Qd1 69. Qa2 Kg6 70. Qa6+ Kg7 71. Qa2 Qc1 72. Kf2 h5 73. h3 g4 74. hxg4 hxg4 75. d5 g3+ 76. Kxg3 Qxe3 77. Qb2+ Kg6 78. Qf2 Qg5+ 79. Kh2 Qh5+ 80. Bh3 Bg4 81. Qb6+ f6 82. Qe3 Qxh3+ 83. Qxh3 Bxh3 0-1

[Event "Moscow op-B 04th"]
[Site "Moscow"]
[Date "2008.02.08"]
[Round "7"]
[White "Shliakhov, Ivan"]
[Black "Solcanean, Serghei"]
[Result "0-1"]
[WhiteElo "1998"]
[BlackElo "2168"]
[PlyCount "72"]
[EventDate "2008.02.02"]
[EventType "swiss"]
[EventRounds "9"]
[EventCountry "RUS"]
[SourceTitle "CBM 122 Extra"]
[Source "ChessBase"]
[SourceDate "2008.03.04"]
[SourceVersion "1"]
[SourceVersionDate "2008.03.04"]
[SourceQuality "1"]

1. d4 Nf6 2. Nf3 c5 3. c3 b6 4. e3 Bb7 5. Bd3 g6 6. Qe2 Bg7 7. e4 0-0 8. Nbd2 d6 9. 0-0 cxd4 10. cxd4 Nc6 11. a3 Nd7 12. Nb3 a5 13. Be3 a4 14. Nbd2 e5 15. d5 Nd4 16. Nxd4 exd4 17. Bf4 Be5 18. Qg4 Bxf4 19. Qxf4 Ne5 20. Qg3 Nxd3 21. Qxd3 Ba6 22. Qxd4 Bxf1 23. Rxf1 Qc7 24. h4 b5 25. h5 Rac8 26. Nf3 Qe7 27. Re1 Rc4 28. Qe3 Re8 29. e5 dxe5 30. Nxe5 Rc5 31. Qh6 Rxd5 32. f4 f6 33. Nf3 Qa7+ 34. Kh2 Rxe1 35. hxg6 Re8 36. Qh4 Qg7 0-1

[Event "Predeal op"]
[Site "Predeal"]
[Date "2006.08.12"]
[Round "1"]
[White "Pap, Misa"]
[Black "Solcanean, Serghei"]
[Result "1-0"]
[WhiteElo "2409"]
[BlackElo "2239"]
[PlyCount "53"]
[EventDate "2006.08.12"]
[EventType "swiss"]
[EventRounds "9"]
[EventCountry "ROU"]
[SourceTitle "CBM 113 Extra"]
[Source "ChessBase"]
[SourceDate "2006.09.14"]
[SourceVersion "1"]
[SourceVersionDate "2006.09.14"]
[SourceQuality "1"]

1. e4 c5 2. c3 d5 3. exd5 Qxd5 4. d4 Nf6 5. Nf3 e6 6. Be3 cxd4 7. cxd4 Be7 8. Nc3 Qa5 9. Bd3 0-0 10. 0-0 Nbd7 11. a3 Qd8 12. Rc1 Nb6 13. Ne5 Bd7 14. Qf3 Nbd5 15. Qh3 Bc6 16. Bg5 g6 17. Bh6 Re8 18. Rfe1 Qd6 19. Bg5 Nxc3 20. Rxc3 Rf8 21. Qh4 Nd5 22. Bxg6 fxg6 23. Rh3 Rf7 24. Nxf7 Kxf7 25. Qxh7+ Ke8 26. Bxe7 Nxe7 27. Qh8+ 1-0

[Event "Bucharest Winter Cup"]
[Site "Bucharest"]
[Date "2001.12.18"]
[Round "8"]
[White "Sebe Vodislav, Florian George"]
[Black "Solcanean, Serghei"]
[Result "1/2-1/2"]
[WhiteElo "2278"]
[BlackElo "2236"]
[PlyCount "99"]
[EventDate "2001.12.11"]
[EventType "tourn"]
[EventRounds "11"]
[EventCountry "ROU"]
[EventCategory "2"]
[SourceTitle "CBM 085 Extra"]
[Source "ChessBase"]
[SourceDate "2002.01.21"]
[SourceVersion "1"]
[SourceVersionDate "2002.01.21"]
[SourceQuality "1"]

1. e4 c6 2. d4 g6 3. c4 Bg7 4. Nc3 d6 5. Nf3 a6 6. a4 a5 7. h3 Nf6 8. Bd3 Na6 9. Bg5 Nd7 10. Qd2 h6 11. Be3 e5 12. 0-0 exd4 13. Nxd4 0-0 14. Rad1 Kh7 15. Nb3 Re8 16. Be2 Bf8 17. f4 Qc7 18. f5 Ne5 19. fxg6+ fxg6 20. Rxf8 Rxf8 21. Bxh6 Re8 22. Nd4 Nc5 23. Be3 Be6 24. b3 Rad8 25. Qe1 Rd7 26. Qh4+ Kg8 27. Qg3 Rg7 28. Bf3 Bc8 29. Nce2 Nf7 30. Nc3 Qe7 31. Qf2 Rh7 32. Bf4 Qf6 33. Qd2 Ne5 34. Be2 Rf8 35. Bg3 Qg7 36. Re1 Qh6 37. Qxh6 Rxh6 38. Bd1 Rh7 39. Bc2 Rhf7 40. Rd1 Kh7 41. Nde2 Rf6 42. Bh4 Re6 43. Nd4 Ree8 44. Bf2 Rf7 45. Nce2 Kg8 46. Be1 b6 47. Nc3 Bb7 48. Nde2 Rd7 49. Bg3 Rf8 50. Bf2 1/2-1/2

[Event "Bucharest Winter Cup"]
[Site "Bucharest"]
[Date "2001.12.16"]
[Round "6"]
[White "Bochkarev, Alexander2222"]
[Black "Solcanean, Serghei"]
[Result "1/2-1/2"]
[WhiteElo "2361"]
[BlackElo "2236"]
[PlyCount "83"]
[EventDate "2001.12.11"]
[EventType "tourn"]
[EventRounds "11"]
[EventCountry "ROU"]
[EventCategory "2"]
[SourceTitle "CBM 085 Extra"]
[Source "ChessBase"]
[SourceDate "2002.01.21"]
[SourceVersion "1"]
[SourceVersionDate "2002.01.21"]
[SourceQuality "1"]

1. f4 d5 2. Nf3 c6 3. g3 Nf6 4. Bg2 Nbd7 5. d3 Qc7 6. 0-0 e5 7. Nc3 Bd6 8. fxe5 Nxe5 9. Nxe5 Bxe5 10. e4 dxe4 11. Nxe4 Nxe4 12. Bxe4 Be6 13. Qf3 0-0 14. Qf2 Rad8 15. a4 c5 16. Bf4 b6 17. a5 Bxf4 18. axb6 axb6 19. Qxf4 Qxf4 20. gxf4 f5 21. Bg2 Kf7 22. Ra7+ Kf6 23. Kf2 Rf7 24. Ra6 Rd6 25. h4 g6 26. Re1 h6 27. Rh1 Rfd7 28. b3 Re7 29. Bf3 Bd7 30. Ra7 Bc6 31. Rxe7 Kxe7 32. Re1+ Kf7 33. Bxc6 Rxc6 34. Ra1 Kf6 35. Kf3 g5 36. h5 Rd6 37. Ra6 gxf4 38. Ra1 Kg5 39. Rg1+ Kxh5 40. Kxf4 Rf6 41. c4 Rf7 42. b4 1/2-1/2

[Event "Bucharest Winter Cup"]
[Site "Bucharest"]
[Date "2001.12.13"]
[Round "3"]
[White "Solcanean, Serghei"]
[Black "Vioreanu, Bogdan Gabriel"]
[Result "1/2-1/2"]
[WhiteElo "2236"]
[BlackElo "2347"]
[PlyCount "174"]
[EventDate "2001.12.11"]
[EventType "tourn"]
[EventRounds "11"]
[EventCountry "ROU"]
[EventCategory "2"]
[SourceTitle "CBM 085 Extra"]
[Source "ChessBase"]
[SourceDate "2002.01.21"]
[SourceVersion "1"]
[SourceVersionDate "2002.01.21"]
[SourceQuality "1"]

1. d4 d5 2. c4 e6 3. Nf3 c6 4. Nbd2 c5 5. cxd5 exd5 6. dxc5 Bxc5 7. Nb3 Bd6 8. e3 Nf6 9. Be2 0-0 10. 0-0 Nc6 11. Nbd4 Ne4 12. Qc2 Bd7 13. Qb3 Bc8 14. a3 Na5 15. Qd3 Be6 16. b3 a6 17. Nd2 Re8 18. Bb2 Qb6 19. Rab1 Nxd2 20. Qxd2 Rad8 21. Bc3 Bc7 22. Qb2 Qd6 23. g3 Bh3 24. Rfd1 Qh6 25. Qd2 Nc6 26. Nxc6 bxc6 27. Bd4 Be5 28. Rbc1 Qd6 29. b4 Ra8 30. Rc5 Bd7 31. Qc3 f6 32. Ra5 Bc8 33. Bf1 Qd7 34. Bxe5 fxe5 35. Bg2 Qg4 36. Rc1 Bd7 37. Qd3 e4 38. Qf1 d4 39. Qc4+ Be6 40. Qxd4 Bd5 41. Qd1 Qd7 42. Qe2 Qb7 43. Bf1 Re7 44. Rcc5 Rf7 45. Rc2 Qb6 46. Qe1 h5 47. Bc4 Bxc4 48. Rxc4 Raf8 49. Rxe4 Rxf2 50. Qxf2 Rxf2 51. Kxf2 Qb7 52. Kf3 Qf7+ 53. Rf4 Qb3 54. h4 Qd1+ 55. Kg2 Qd2+ 56. Rf2 Qxe3 57. Rxa6 g5 58. hxg5 Qe4+ 59. Kh2 h4 60. Ra8+ Kg7 61. Raf8 Qg4 62. R8f7+ Kg8 63. R7f3 hxg3+ 64. Rxg3 Qh4+ 65. Kg2 Qe4+ 66. Rff3 Qc2+ 67. Kh3 Qh7+ 68. Kg2 Qc2+ 69. Kg1 Qd1+ 70. Kh2 Qc2+ 71. Rg2 Qe4 72. Rgg3 Qc2+ 73. Kh3 Qh7+ 74. Kg4 Qd7+ 75. Rf5 Qd1+ 76. Rgf3 Qg1+ 77. Kh5 Qh1+ 78. Kg6 Qh7+ 79. Kf6 Qf7+ 80. Ke5 Qd5+ 81. Kf4 Qd4+ 82. Kg3 Qg1+ 83. Kh4 Qh1+ 84. Kg4 Qg1+ 85. Rg3 Qd1+ 86. Rff3 Qd7+ 87. Rf5 Qd1+ 1/2-1/2

[Event "Kishinev ULIM Cup"]
[Site "Kishinev"]
[Date "2001.10.10"]
[Round "4"]
[White "Sheremetieva, Marina"]
[Black "Solcanean, Serghei"]
[Result "1-0"]
[WhiteElo "2308"]
[BlackElo "2236"]
[PlyCount "95"]
[EventDate "2001.10.07"]
[EventType "swiss"]
[EventRounds "9"]
[EventCountry "MDA"]
[SourceTitle "EXT 2002"]
[Source "ChessBase"]
[SourceDate "2001.11.25"]
[SourceVersion "1"]
[SourceVersionDate "2001.11.25"]
[SourceQuality "1"]

1. e4 c5 2. Nf3 d6 3. Bb5+ Nd7 4. 0-0 Ngf6 5. Re1 a6 6. Bf1 e6 7. c4 Ne5 8. Nxe5 dxe5 9. Nc3 Be7 10. d3 0-0 11. Be2 Qc7 12. Rf1 Rb8 13. a4 b6 14. Kh1 Rd8 15. Qe1 Bb7 16. Bd2 Ba8 17. h4 Nd7 18. f3 Bd6 19. h5 h6 20. Nd1 Re8 21. Qg3 Kh8 22. Bc3 Rg8 23. Ne3 Nf6 24. Qh2 Bc6 25. g3 Qe7 26. Ng2 Nd7 27. f4 Rgf8 28. Bf3 Kh7 29. Nh4 Rbc8 30. Bg2 Bb8 31. Nf3 exf4 32. gxf4 Qd6 33. Qg3 Rg8 34. Nh4 Qe7 35. Bf3 Rce8 36. b3 e5 37. Nf5 Qf8 38. Rg1 f6 39. Rg2 exf4 40. Qg6+ Kh8 41. Rag1 Be5 42. Bd2 Bd4 43. Bxf4 Ne5 44. Bxe5 Bxe5 45. Nxg7 Rxg7 46. Qxg7+ Qxg7 47. Rxg7 f5 48. R7g6 1-0

[Event "Backa Palanka op 2nd"]
[Site "Backa Palanka"]
[Date "2001.05.08"]
[Round "7"]
[White "Sebez, Milos"]
[Black "Solcanean, Serghei"]
[Result "1-0"]
[WhiteElo "2250"]
[BlackElo "2268"]
[PlyCount "113"]
[EventDate "2001.05.02"]
[EventType "swiss"]
[EventRounds "9"]
[EventCountry "YUG"]
[SourceTitle "EXT 2002"]
[Source "ChessBase"]
[SourceDate "2001.11.25"]
[SourceVersion "1"]
[SourceVersionDate "2001.11.25"]
[SourceQuality "1"]

1. d4 Nf6 2. Nf3 g6 3. Bg5 Ne4 4. Bf4 Bg7 5. c3 d5 6. h3 0-0 7. e3 c5 8. Be2 Nc6 9. 0-0 Bf5 10. Nbd2 Qb6 11. Qb3 c4 12. Qa3 Rfd8 13. Nxe4 Bxe4 14. b3 cxb3 15. axb3 a6 16. Rfc1 h6 17. Bh2 g5 18. c4 Rd7 19. Nd2 Bg6 20. cxd5 Rxd5 21. Bf3 Rb5 22. Bxc6 bxc6 23. Qxe7 c5 24. Nc4 Qb7 25. Qxb7 Rxb7 26. Na5 Rb5 27. Nc6 Kh7 28. Ra4 cxd4 29. exd4 Rd5 30. Ne5 Bxe5 31. Bxe5 Bd3 32. Rc7 Kg8 33. Ra3 Bb5 34. b4 Rad8 35. Rg3 Be2 36. Rc2 Bh5 37. Rc6 Rb5 38. Rxh6 Rxe5 39. dxe5 Bg6 40. Rxg5 Kg7 41. Rh4 Rd1+ 42. Kh2 Kf8 43. Rf4 Ke7 44. h4 Rd8 45. h5 Bd3 46. h6 Rh8 47. Rh4 Bg6 48. h7 Rxh7 49. Rxh7 Bxh7 50. Kg3 Be4 51. Kf4 Bd5 52. Ke3 Kd7 53. Kd4 Kc6 54. f4 Be6 55. g3 Kb6 56. f5 Ba2 57. e6 1-0

[Event "Backa Palanka op 2nd"]
[Site "Backa Palanka"]
[Date "2001.05.05"]
[Round "4"]
[White "Milu, Romeo Sorin"]
[Black "Solcanean, Serghei"]
[Result "1-0"]
[WhiteElo "2433"]
[BlackElo "2268"]
[PlyCount "87"]
[EventDate "2001.05.02"]
[EventType "swiss"]
[EventRounds "9"]
[EventCountry "YUG"]
[SourceTitle "EXT 2002"]
[Source "ChessBase"]
[SourceDate "2001.11.25"]
[SourceVersion "1"]
[SourceVersionDate "2001.11.25"]
[SourceQuality "1"]

1. e4 c5 2. Nc3 Nc6 3. Nf3 e6 4. d4 cxd4 5. Nxd4 Qc7 6. f4 d6 7. Be2 a6 8. Be3 Be7 9. Qd2 Nf6 10. 0-0-0 0-0 11. g4 Nxd4 12. Qxd4 b5 13. g5 Nd7 14. f5 Ne5 15. f6 gxf6 16. gxf6 Bxf6 17. Bh6 Qe7 18. Bxf8 Qxf8 19. Rhg1+ Kh8 20. Qxd6 Qh6+ 21. Kb1 Bd7 22. Rgf1 Bg7 23. a3 Qh4 24. Rg1 Bf6 25. Rdf1 Bc6 26. Qc5 Qh6 27. Rg2 Rc8 28. Rfg1 Qf8 29. Qb6 Rb8 30. Rg8+ Qxg8 31. Rxg8+ Rxg8 32. Qxa6 Bh4 33. Bxb5 Bxb5 34. Qxb5 Bf6 35. Qe2 h6 36. a4 Rc8 37. Nd1 Nc4 38. c3 Ne5 39. a5 Rd8 40. Ne3 Bg5 41. Nc4 Nxc4 42. Qxc4 Be3 43. Qc7 Rd1+ 44. Ka2 1-0

[Event "Centrocoop op"]
[Site "Eforie Nord"]
[Date "2000.??.??"]
[Round "?"]
[White "Solcanean, Serghei"]
[Black "Mosnegutu, Klaus"]
[Result "1-0"]
[WhiteElo "2305"]
[BlackElo "2175"]
[PlyCount "83"]
[EventDate "2000.??.??"]
[EventType "swiss"]
[EventRounds "9"]
[EventCountry "ROU"]
[SourceTitle "EXT 2004"]
[Source "ChessBase"]
[SourceDate "2003.11.25"]
[SourceVersion "1"]
[SourceVersionDate "2003.11.25"]
[SourceQuality "1"]

1. d4 Nf6 2. c4 c5 3. d5 b5 4. cxb5 a6 5. b6 d6 6. a4 Qxb6 7. Nc3 g6 8. Nf3 Bf5 9. Nd2 Qb4 10. a5 g5 11. Ra4 Qb7 12. e4 Bg6 13. Bd3 Nbd7 14. Nc4 h6 15. h4 Bh5 16. Be2 g4 17. 0-0 Bg7 18. Ne3 Ne5 19. Nf5 Rg8 20. Qc2 Bf8 21. Kh2 Bg6 22. Rd1 e6 23. dxe6 fxe6 24. Nxd6+ Bxd6 25. Rxd6 Ke7 26. Rd1 Qc7 27. g3 Be8 28. Ra3 Nf3+ 29. Bxf3 gxf3 30. Bf4 e5 31. Nd5+ Nxd5 32. exd5 Qd6 33. Re3 Bg6 34. Qc3 Qd7 35. Rxe5+ Kf7 36. Qxf3 Kg7 37. d6 Rae8 38. Rde1 Rxe5 39. Rxe5 Re8 40. Qe3 Rxe5 41. Qxe5+ Kf7 42. Bxh6 1-0

[Event "Centrocoop Sept op"]
[Site "Eforie Nord"]
[Date "1999.09.??"]
[Round "?"]
[White "Solcanean, Serghei"]
[Black "Smokina, Karolina"]
[Result "1-0"]
[WhiteElo "2260"]
[BlackElo "2176"]
[PlyCount "85"]
[EventDate "1999.09.??"]
[EventType "swiss"]
[EventRounds "11"]
[EventCountry "ROU"]
[SourceTitle "EXT 2004"]
[Source "ChessBase"]
[SourceDate "2003.11.25"]
[SourceVersion "1"]
[SourceVersionDate "2003.11.25"]
[SourceQuality "1"]

1. d4 Nf6 2. c4 d6 3. Nf3 g6 4. Nc3 Bg7 5. e4 0-0 6. Be2 e5 7. 0-0 Bg4 8. Be3 Nbd7 9. h3 Bxf3 10. Bxf3 a5 11. Qc2 Ne8 12. Rad1 f5 13. exf5 gxf5 14. dxe5 f4 15. Bc1 Nxe5 16. Bxb7 Rb8 17. Be4 Qh4 18. f3 Nf6 19. Nd5 Nxd5 20. Bxd5+ Kh8 21. b3 Rf6 22. Qf2 Qg5 23. Rfe1 Rh6 24. Kf1 c6 25. Be4 c5 26. Qd2 Rf8 27. Bb2 a4 28. Qc2 axb3 29. axb3 Qg3 30. Ba1 Rb8 31. Rb1 Bf6 32. Red1 Rg8 33. Qf2 Qh2 34. Qg1 Rxh3 35. Rxd6 Qxg1+ 36. Kxg1 Nxf3+ 37. Bxf3 Bxa1 38. Kf2 Bd4+ 39. Rxd4 Rxf3+ 40. Kxf3 cxd4 41. Kxf4 Rxg2 42. Ke4 Rd2 43. b4 1-0

[Event "Centrocoop June op-A"]
[Site "Eforie Nord"]
[Date "1999.06.??"]
[Round "?"]
[White "Itkis, Boris"]
[Black "Solcanean, Serghei"]
[Result "1/2-1/2"]
[WhiteElo "2462"]
[BlackElo "2260"]
[PlyCount "84"]
[EventDate "1999.06.??"]
[EventType "swiss"]
[EventRounds "11"]
[EventCountry "ROU"]
[SourceTitle "EXT 2004"]
[Source "ChessBase"]
[SourceDate "2003.11.25"]
[SourceVersion "1"]
[SourceVersionDate "2003.11.25"]
[SourceQuality "1"]

1. Nf3 Nf6 2. c4 c5 3. Nc3 b6 4. d4 cxd4 5. Nxd4 Bb7 6. f3 d6 7. e4 Nbd7 8. Be3 a6 9. Be2 e6 10. 0-0 Be7 11. a4 0-0 12. a5 d5 13. exd5 exd5 14. cxd5 bxa5 15. Nc6 Bxc6 16. dxc6 Ne5 17. Qa4 Bb4 18. Rac1 Qc7 19. Rfd1 Qxc6 20. Qxc6 Nxc6 21. Ne4 Ne5 22. Nxf6+ gxf6 23. f4 Ng6 24. Kf2 Rfe8 25. Rc6 Re6 26. Rxe6 fxe6 27. Bc4 Nf8 28. f5 Rc8 29. Rc1 Kg7 30. fxe6 Re8 31. Bb3 Nxe6 32. h4 Re7 33. Rc6 Nc7 34. Bd4 Be1+ 35. Kf3 Bxh4 36. Bb6 Nb5 37. Be6 a4 38. Bc5 Rc7 39. Rxc7+ Nxc7 40. Bc8 f5 41. Bxf5 Bf6 42. Ba3 Ne8 1/2-1/2